Migraciones internas y estructura agraria: el caso de Guatemala /
Salvato in:
| Autore principale: | |
|---|---|
| Altri autori: | , |
| Natura: | testo |
| Tags: |
Aggiungi Tag
Nessun Tag, puoi essere il primo ad aggiungerne!!
|
MARC
| LEADER | 00000 a a2200000 04500 | ||
|---|---|---|---|
| 001 | 7998 | ||
| 003 | |||
| 040 | |||
| 100 | |a Orellana, René A. | ||
| 245 | |a Migraciones internas y estructura agraria: |b el caso de Guatemala / |c René A. Orellana ; Virginia Pineda de Gracias ; Andrés Opazo Bernales | ||
| 700 | |a Pineda de Gracias, Virginia | ||
| 700 | |a Opazo Bernales, Andrés | ||
| 773 | |g número 12; páginas 41-90 | ||
| 999 | |c 36297 |d 36297 | ||
